00538nam a2200193 a 4500001001300000003000900013005001700022008004100039020001000080082001600090100001400106245006900120260004700189300000900236500003500245505002700280650002300307700001400330nice12345678IN_TiNIC20260116011513.0050524s1947 hyda grp 000 0 ara  ac10000a181.07bYAF aYafai, Al aAl-Aayat-Al-Baiyyanat-Ala-Wajud Khaliq Al-Kai`nat, (urdu Arabic) aHyderabadbGovernment Printing Pressc1947 a114p aincludes index and biblioraphy2 aPlus Some Other Tracts aPhilosophy-Islamic1 aYafai, Al